| 000 | 00901cam a22003017a 4500 | ||
|---|---|---|---|
| 003 | CHAP | ||
| 005 | 20220817044006.0 | ||
| 008 | 050209d2003 it a rn 00110 fr d | ||
| 010 | _a89534 | ||
| 011 | _a90506 | ||
| 020 | _a9252050620 | ||
| 035 | _a101062 | ||
| 040 | _cCHAP | ||
| 090 | _aFolleto 16932 | ||
| 110 | 2 | _aFAO | |
| 245 | 1 | 0 |
_aLes varietes d'igname cultivees : _bsavoir-faire paysan au benin Dioscorea cayenensis Dioscorea rotundata _c/ par Alexandre Dansi |
| 260 |
_aRome : _bFAO, _c2003. |
||
| 300 |
_a37 p. : _bilus. |
||
| 590 |
_aBATCH-UPD _b10 _c20130110 _lUCH01 _h0128 |
||
| 590 |
_aCONVERSION _b10 _c20130109 _lUCH01 _h1350 |
||
| 650 | 1 | 4 |
_aDioscorea cayenensis. _932658 |
| 650 | 1 | 4 |
_aDioscorea rotundata. _932661 |
| 700 | 0 |
_aDansi, Alexandre. _931061 |
|
| 901 | _aBK | ||
| 905 | _aLilia | ||
| 942 | _cFOLL | ||
| 949 |
_aFolleto 16932 _bBC _cFAO _d33724000933479 _eFAO1 _i101062 _sb |
||
| 999 |
_c89534 _d89534 |
||